000
00305nam a22001337a 4500
008
170912b xxu||||| |||| 00| 0 eng d
020
_a
9780697231383
041
_a
eng
080
_a
53
100
_a
43
101
_a
fiz
245
_a
FUNDAMENTALS OF COLLEGE PHYSICS
_c
NOLAN.P.J
942
_2
udc
_c
BK
999
_c
27238
_d
27238